000 00851nam a2200253Ia 4500
003 OSt
005 20221005112958.0
006 a|||||r|||| 00| 0
007 ta
008 221004b |||||||| |||| 00| 0 pan d
020 _a8171164110 (hbk)
_c100
024 _a5274
037 _b689, 12/06/2013, H.K. Prakashan
_cTextual
040 _aCRL
_cCRL
_bpan
041 _2pan
_apan
082 _aO153,1NSHx, P5
100 _aਗੁਰਮੁਖ ਸਿੰਘ
245 0 _aਖੁਲੀ੍ਹ ਕਿਤਾਬ ਦੇ ਵਰਕੇ
260 _aਦਿੱਲੀ
_bਨੈFਨਲ ਬੁਕ Fਾਪ ਭਾਰਤ
_c2005
300 _a111ਪੰ
_ccm.
650 _aਪੰਜਾਬੀ ਸਾਹਿਤ
942 _hO153,1NSHx, P5
_cTEXL
_2cc
999 _c1026633
_d1026633